[Event "Andalucia-ch 0708"]
[Site "Motril"]
[Date "2008.05.18"]
[Round "5"]
[White "Zamudio Diaz, Angel"]
[Black "Barranco Cara, Francisco Javier"]
[Result "0-1"]
[WhiteElo "2091"]
[BlackElo "2018"]
[PlyCount "72"]
[EventDate "2008.05.10"]
[EventType "swiss"]
[EventRounds "8"]
[EventCountry "ESP"]
[SourceTitle "EXT 2009"]
[Source "ChessBase"]
[SourceDate "2008.11.26"]
[SourceVersion "1"]
[SourceVersionDate "2008.11.26"]
[SourceQuality "1"]

1. d4 Nf6 2. c4 g6 3. Nc3 Bg7 4. e4 d6 5. f4 c5 6. d5 0-0 7. Nf3 e6 8. dxe6 fxe6 9. Bd3 Nc6 10. 0-0 Nd4 11. Kh1 Bd7 12. e5 Nh5 13. Ng5 dxe5 14. Nxh7 Qh4 15. Nxf8 Rxf8 16. Kg1 exf4 17. Bd2 f3 18. Qe1 Qg4 19. Rf2 Bc6 20. Nd1 Nf4 21. Bxf4 Qxf4 22. g3 Qg5 23. Nc3 Be5 24. Ne4 Qg4 25. Qe3 Ne2+ 26. Kf1 Bxb2 27. Rb1 Bd4 28. Qg5 Qxg5 29. Nxg5 Bxf2 30. Kxf2 e5 31. Bxg6 Nc3 32. Rb3 Ne2 33. h4 Nxg3 34. h5 e4 35. Rb1 e3+ 36. Kxg3 f2 0-1